Statistics for Venues of every Non Aligned Movement Summit conferences

Click here to take the quiz!

General Stats

  • This quiz has been taken 26 times
  • The average score is 7 of 18

Answer Stats

PeriodCity% Correct
7–12 March
1983
New Delhi
91%
5–10 October
1964
Cairo
77%
1–6 September
1992
Jakarta
77%
4–7 September
1989
Belgrade
59%
1–6 September
1961
Belgrade
59%
5–9 September
1973
Algiers
50%
16–19 August
1976
Colombo
50%
3–9 September
1979
Havana
36%
15–16 September
2006
Havana
36%
20–25 February
2003
Kuala Lumpur
36%
2–3 September
1998
Durban
23%
1–6 September
1986
Harare
23%
25–26 October
2019
Baku
9%
11–16 July
2009
Sharm el-Sheik
9%
26–31 August
2012
Teheran
9%
18–20 October
1995
Cartagena
5%
8–10 September
1970
Lusaka
5%
13–18 September
2016
Porlamar
5%

Score Distribution

Percentile by Number Answered

Percent of People with Each Score

Your Score History

You have not taken this quiz